000 00360nam a2200169Ia 4500
100 _aRangan/C.S/ Sharma/G.R
650 _aINSTRUMENTATION
250 _a2
942 _cBK
366 _f20
245 _aInstrumentation:Devices and systems
260 _bMcGraw Hill
_c1997
082 _a621.112
_bRAN
300 _a549
546 _aENGLISH
999 _c22789
_d22789